三十六歌仙 - Statistics

General Stats
  • This quiz has been taken 4 times
  • The average score is 8 of 36
Answer Stats
% Correct
在原業平ありわらのなりひら
100%
小野小町おののこまち
100%
凡河内躬恒おおしこうちのみつね
67%
柿本人麻呂かきのもとのひとまろ
67%
僧正遍昭そうじょうへんじょう
67%
山部赤人やまべのあかひと
67%
伊勢いせ
33%
紀貫之きのつらゆき
33%
紀友則きのとものり
33%
清原元輔きよはらのもとすけ
33%
小大君こおおぎみ
33%
中務なかつかさ
33%
源順みなもとのしたごう
33%
壬生忠見みぶのただみ
33%
壬生忠岑みぶのただみね
33%
大伴家持おおとものやかもち
0%
大中臣能宣おおなかとみのよしのぶ
0%
大中臣頼基おおなかとみのよりもと
0%
斎宮女御さいぐうのにょうご
0%
坂上是則さかのうえのこれのり
0%
猿丸太夫さるまるだゆう
0%
素性法師そせいほうし
0%
平兼盛たいらのかねもり
0%
藤原朝忠ふじわらのあさただ
0%
藤原敦忠ふじわらのあつただ
0%
藤原興風ふじわらのおきかぜ
0%
藤原兼輔ふじわらのかねすけ
0%
藤原清正ふじわらのきよただ
0%
藤原高光ふじわらのたかみつ
0%
藤原敏行ふじわらのとしゆき
0%
藤原仲文ふじわらのなかふみ
0%
藤原元真ふじわらのもとざね
0%
源公忠みなもとのきんただ
0%
源信明みなもとのさねあきら
0%
源重之みなもとのしげゆき
0%
源宗于みなもとのむねゆき
0%
No matching quizzes found
Score Distribution
Percent of People with Each Score
Percentile by Number Answered
Your Score History
You have not taken this quiz